000 01005nam a2200277Ia 4500
999 _c4315
_d4315
003 OSt
005 20200331105259.0
008 191128s2017 ck gr 000 0 spa d
020 _a9789585624412
040 _aCO-JMCR
_cCO-JMCR
041 _aspa
082 0 4 _a070.442 /
_bM183m
100 1 0 _aMadrid, Pilar,
_eautora
_91381
245 1 0 _aEl mareño y la pulpera /
_cPilar Madrid ; coordinador Juan Álvarez, Juan Cárdenas, Elizabeth Valenzuela
260 _aBogotá :
_bMinisterio de Ambiente y Desarrollo Sostenible,
_c2017
300 _a19 páginas ;
_c21 cm.
490 0 _aMaletín de relatos pacíficos
650 1 4 _aLiteratura colombiana
_ySiglo XXI
_91382
650 2 4 _aPoesía colombiana
_ySiglo XXI
_91383
650 2 4 _aCuentos colombianos
_ySiglo XXI
_91384
650 2 4 _aNovela colombiana
_ySiglo XXI
_91385
700 1 _aÁlvarez, Juan,
_ecoordinador
_91264
700 1 _aCárdenas, Juan,
_ecoordinador
_91268
700 1 _aValenzuela, Elizabeth,
_ecoordinador
_91269
942 _2ddc
_cBK